000 00553nam a2200193 i 4500
001 45865
003 ES-MaACL
005 20230906161306.0
007 t|
008 030327s1868 gw ||||1| eng d
100 1 _aCollins, Wilkie.
_939744
245 1 4 _aThe moonstone
_b: a romance /
_cby Wilkie Collins.
260 _aLeipzig :
_bBernard Janchnitz,
_c1868.
300 _a2 t. en 1 v. ;
_c15 cm.
490 1 _aCollection of British authors
830 0 _aCollection of British authors
_9180703
852 _aES-MaACL
_jG-11401
999 _c45865
_d45865